Naturalizowani reprezentanci Polski w piłce nożnej w XXI - Statystyki

Ogólne statystyki
  • Ten quiz został rozwiązany 204 razy
  • Średni wynik to 6 z 11
Statystyki odpowiedzi
Hint Odpowiedź % Poprawnych
1(27) Matty Cash
86%
34(2364) Ludovic Obraniak
83%
19(1435) Eugen Polanski
78%
14(1057) Sebastian Boenisch
77%
26(1504) Roger Guerreiro
72%
14(1143) Damien Perquis
70%
21(1439) Thiago Cionek
53%
25(1818) Emmanuel Olisadebe
47%
1(61) Taras Romanczuk
45%
1(1) Wahan Geworgian
11%
1(56) Sebastian Tyrała
8%
Nie znaleziono quizów pasujących do podanych kryteriów
Rozkład punktacji
Procent ludzi z każdym wynikiem
Percentyl według liczby udzielonych odpowiedzi
Twoja historia wyników
Nie rozwiązałeś tego quizu